|
|
|
|
| LEADER |
01107naa a2200385 a 4500 |
| 001 |
000000311 |
| 003 |
SVKKK |
| 005 |
20071019133230.0 |
| 008 |
030616c1987 xo e engo |
| FMT |
|
|
|
| 038 |
|
|
|a SVKKK
|
| 040 |
|
|
|a SVKKK
|b slo
|e AACR2
|
| 041 |
0 |
|
|a eng
|b eng
|
| 044 |
|
|
|a xo
|c SK
|
| 080 |
|
|
|a 556.3:556.013:681.
|2 1981
|
| 100 |
1 |
|
|a Mucha, Igor
|4 aut
|
| 242 |
1 |
0 |
|a Numerický model testu čerpania
|
| 245 |
1 |
0 |
|a Numerical Pumping Test Model
|c Mucha Igor, Pauliková Eva
|
| 300 |
|
|
|b Obr. 4, tab. 4
|
| 500 |
|
|
|a Bratislava, Univerzita Komenského
|
| 504 |
|
|
|a Res. angl., rus., lit. 19 zázn. v angl., slov.
|
| 650 |
0 |
4 |
|a aplikácia
|x štúdie
|
| 650 |
0 |
4 |
|a hydrogeológia
|
| 650 |
0 |
4 |
|a modely matematické
|
| 650 |
0 |
4 |
|a počítače
|
| 650 |
0 |
4 |
|a prieskum
|
| 650 |
0 |
4 |
|a test čerpací
|
| 700 |
1 |
|
|a Pauliková, Eva
|4 aut
|
| 773 |
0 |
|
|t Acta geologica et geographica Universitatis Comenianae
|d Bratislava : Slovenské pedagogické nakladateľstvo, 1987
|g S. 5-21
|
| 958 |
|
|
|a NP
|
| 974 |
|
|
|d 940927
|a 245/229
|
| 992 |
|
|
|a RZB
|
| BAS |
|
|
|
| 852 |
|
|
|a SVKKK
|b BIB
|
| 998 |
|
|
|a GEO
|